¿A qué país pertenece la ciudad? #1 - Estadísticas

Estadísticas generales
  • Esta prueba ha sido intentada 108 veces
  • La puntuación promedio es 8 de 15
Estadísticas de respuestas
Pregunta Respuesta % Correcto
Siena Italia
88%
Amberes Bélgica
83%
Brisbane Australia
71%
Port Louis Mauricio
71%
Paramaribo Surinam
71%
Cork Irlanda
67%
Antofagasta Chile
63%
Aguascalientes México
63%
Kano Nigeria
58%
Nukualofa Tonga
54%
Lárnaca Chipre
42%
Gómel Bielorrusia
33%
Dávao Filipinas
33%
Ghanzi Botsuana
21%
El Yadida Marruecos
21%
No se encontraron pruebas coincidentes
Distribución de puntuación
Porcentaje de gente con cada puntuación
Porcentaje por número respondido
Historial de tus puntuaciones
No has intentado esta prueba.